000 00535nam a22001937a 4500
003 KOHA_MİRAKIL
005 20251209092403.0
008 251209b tu ||||| |||| 00| 0 tur d
020 _a9789758396962
040 _aTR-AnABB
_btur
_cTR-AnABB
041 _atur
082 _a796.069
_bKAY 2019
100 1 _aKaya, Sabri,
245 1 0 _aSpor ve rekreasyon işletmeleri yönetimi /
_cSabri Kaya
260 _aAnkara :
_bGazi Kitabevi,
_c2019
300 _a424 sayfa ;
_c24 cm
650 0 4 _aSpor yönetimi
942 _2ddc
_cBK
999 _c9721
_d9721
900 _bGizem YORULMAZ